000 00785nam a22002057a 4500
999 _c17650
_d17650
003 AR-CdUCM
008 190508b ||||| |||| 00| 0 spa d
020 _a968-6599-04-5
040 _aMUNICIPALIDAD PROVINCIAL DEL CUSCO
_cBIBLIOTECA MUNICIPAL DEL CUSCO
082 _a108 /
_bST84
100 _aStuart Mill, John.
_937222
245 _aSobre la libertad /
260 _aMéxico :
_bGernika,
_c1991.
300 _a182 páginas ;
_c20 cm.
505 _aContenido :Sobre la libertad -- D e la libertad de pensamiento y de discusión -- De la individualidad como uso de los elementos de bienestar -- De los limites de la autoridad de la sociedad sobre el individuo ...
650 _aLibertad.
_92892
650 _aBienestar.
_96502
942 _2ddc
_cLIBROS
945 _arah
_d09/05/2019